000
00381nam a2200133Ia 4500
008
100328s9999 xx 000 0 und d
082
_b
42668
100
_a
माडगूळकर ग.दि.
245
_a
चैत्रबन
260
_b
देशमुख आणि कंपनी
630
_a
चैत्रबन
730
_a
चैत्रबन
942
_c
BOOK
999
_c
531086
_d
531083